000
00318nam a22001337a 4500
008
170615b xxu||||| |||| 00| 0 eng d
020
_a
0029359104
041
_a
eng
080
_2
3RD
_a
32
100
_a
19
101
_a
SHP
245
_a
AN INTRODUCTION TO MONETARY THEORY AND POLICY
_c
WRIGHTSMAN,D
942
_2
udc
_c
BK
999
_c
17574
_d
17574